banner-ar

الاعمال الكاملة لرفاعة رافع الطهطاوى . (Record no. 62681)

MARC details
000 -الفاتح
حقل البيانات ثابتة الطول 01866nam a22003737a 4500
005 - وقت وتاريخ اخر تعامل مع التسجيلة
رقم الضبط 20240530110602.0
008 - عناصر البيانات ثابتة الطول - معلومات عامة
حقل البيانات ثابتة الطول 160921s2010 ua f 00| 0 ara d
017 ## - رقم الايداع القانونى
رقم الايداع القانونى 2010/22433 (ج 1 )
المصدر ( الهيئة المختصة) مصر . دار الكتب المصرية
017 ## - رقم الايداع القانونى
رقم الايداع القانونى 2010/22434 (ج 2 )
المصدر ( الهيئة المختصة) مصر . دار الكتب المصرية
017 ## - رقم الايداع القانونى
رقم الايداع القانونى 2010/22435 (ج 3 )
المصدر ( الهيئة المختصة) مصر . دار الكتب المصرية
017 ## - رقم الايداع القانونى
رقم الايداع القانونى 2010/22436 (ج 4 )
المصدر ( الهيئة المختصة) مصر . دار الكتب المصرية
017 ## - رقم الايداع القانونى
رقم الايداع القانونى 2010/22437 (ج 5 )
المصدر ( الهيئة المختصة) مصر . دار الكتب المصرية
020 ## - الرقم الدولى المعيارى للكتب
الرقم الدولى المعيارى للكتاب 9789774217103 ( ج 1 )
020 ## - الرقم الدولى المعيارى للكتب
الرقم الدولى المعيارى للكتاب 9789774217110 ( ج 2 )
020 ## - الرقم الدولى المعيارى للكتب
الرقم الدولى المعيارى للكتاب 9789774217127 ( ج 3 )
020 ## - الرقم الدولى المعيارى للكتب
الرقم الدولى المعيارى للكتاب 9789774217134 ( ج 4 )
020 ## - الرقم الدولى المعيارى للكتب
الرقم الدولى المعيارى للكتاب 9789774217141 ( ج 5 )
040 ## - مصدر الفهرسة
وكالة الفهرسة الأصلية EG-CaGPL
082 04 - رقم تصنيف ديوى العشرى
رقم الطبعة 21
رقم التصنيف 928.1\
رقم المادة م أ
245 02 - بيان العنوان
العنوان الاعمال الكاملة لرفاعة رافع الطهطاوى .
رقم الجزء/قسم العمل الجزء الاول ،
اسم جزء/قسم العمل التمدن و الحضارة و العمران /
بيان المسئوليه,etc دراسة و تحقيق محمد عمارة
260 ## - PUBLICATION, DISTRIBUTION, ETC. (IMPRINT)
تاريخ النشر أو التوزيع 2010 .
300 ## - الوصف المادى
التعداد 5 ج. ؛
أبعاد الوعاء 24 سم
490 0# - بيان السلسلة
عنوان السلسلة سلسلة التراث
500 ## - تبصرة عامة
تبصرة عامة الجزء الثانى : السياسة و الوطنية و التربية ؛ الجزء الثالث : تاريخ مصر و العرب قبل الاسلام ؛ الجزء الرابع : سيرة الرسول و تاسيس الدولة الاسلامية ؛ الجزء الخامس : فى الدين و اللغة و الادب .
600 04 - المدخل الاضافى بالموضوع-اسم شخصى
الإسم الشخصى رفاعة الطهطاوى
650 04 - المدخل الاضافى بالموضوع-مصطلح موضوعى
مصطلح موضوعي الادب العربى
650 04 - المدخل الاضافى بالموضوع-مصطلح موضوعى
مصطلح موضوعي اللغة العربية
650 04 - المدخل الاضافى بالموضوع-مصطلح موضوعى
مصطلح موضوعي التاريخ الاسلامى
650 04 - المدخل الاضافى بالموضوع-مصطلح موضوعى
مصطلح موضوعي الاحوال السياسية
التقسيم الفرعي العام تاريخ
التقسيم الفرعي الجغرافي مصر
650 04 - المدخل الاضافى بالموضوع-مصطلح موضوعى
مصطلح موضوعي الحضارة
651 04 - المدخل الاضافى بالموضوع - اسم جغرافى
الاسم الجغرافي مصر
التقسيم الفرعي العام تاريخ
700 0# - المدخل الاضافى - اسم شخصى
الإسم الشخصى محمد عمارة
الدور محقق
942 ## - عناصر المدخل الإضافي( كوها)
مصدر التصنيف او مخطط الترفيف Dewey Decimal Classification
Koha [default] item type كتاب
260 ## - PUBLICATION, DISTRIBUTION, ETC. (IMPRINT)
-- القاهرة :
-- دار الشروق ،
Holdings
حالة التراجع حالة الفقد حالة تلف ليس للاعارة المكان المؤقت الموقع الحالى تاريخ الاكتساب اجمالي اﻻعارات رقم الطلب الباركود تاريخ اخر مشاهدة تاريخ تفعيل السعر نوع وعاء كوها
        مكتبة القاهرة الكبرى مكتبة القاهرة الكبرى 09/21/2016   928.1\ م أ 162483 09/21/2016 09/21/2016 كتاب
        مكتبة القاهرة الكبرى مكتبة القاهرة الكبرى 09/21/2016   928.1\ م أ 162484 09/21/2016 09/21/2016 كتاب
        مكتبة القاهرة الكبرى مكتبة القاهرة الكبرى 09/21/2016   928.1\ م أ 162485 09/21/2016 09/21/2016 كتاب
        مكتبة القاهرة الكبرى مكتبة القاهرة الكبرى 09/21/2016   928.1\ م أ 162486 09/21/2016 09/21/2016 كتاب
        مكتبة القاهرة الكبرى مكتبة القاهرة الكبرى 09/21/2016   928.1\ م أ 162487 09/21/2016 09/21/2016 كتاب

Powered By

EGPV